| 000 | 01360cam a22001814a 4500 | ||
|---|---|---|---|
| 005 | 20250605164144.0 | ||
| 008 | 250528s ||||||||||||||||||||||||d | ||
| 035 | _a19088 | ||
| 040 |
_aGR-AtMCL _bgre _dGR-AtMCL _eAACR2 |
||
| 245 | 1 | _aΣτατιστική Επιχειρήσεων | |
| 260 |
_bΑθήνα, _c1991 |
||
| 300 | _a568 | ||
| 520 | _aΠρόλογος, Εισαγωγή, Συλλογή και Ταξινόμηση και Κατάταξη Στατιστικών Δεδομένων, Παρουσίαση Στατιστικών Δεδομένων, Στατιστικά Στοιχεία Κεντρικής Τάσεως και Θέσεως, Στατιστικά Μέτρα Διασποράς - Ασυμμετρίας - Κυρτώσεως, Στοιχεία Θεωρίας Πιθανοτήτων, Θεωρητικές Κατανομές Πιθανότητας, Στατιστικά Συμπεράσματα (Στατιστική Επαγωγή), Δειγματοληψία, Στατιστικός Έλεγχος Ποιότητας, Αριθμοδείκτες, Παλινδρόμηση και Συσχέτιση, Ανάλυση Χρονολογικών Σειρών, Στατιστικοί Πίνακες, Βιβλιογραφία. | ||
| 700 | 1 |
_aΑποστολόπουλος Θεοδώρος _92778 |
|
| 942 | _cBK | ||
| 999 |
_c4369 _d4369 |
||